000 01255nab a2200229 i 4500
001 BPP
003 BPK
005 20180124124012.0
008 140510s2000 pl f |000 0 pol
040 _cBPK
084 _a664:621.97
100 _aRADOMSKI, Grzegorz.
_d1996 - 2006.
_bPolitechnika Koszalińska - Wydział Mechaniczny,
_cKatedra Inżynierii Spożywczej
245 _aMożliwości badań i kryteria oceny jednorodności mieszania w przepływie laminarnym =
_bResearch goals and criteria of homogenity in the laminar flow /
_cGrzegorz Radomski.
260 _c2000.
500 _aDane z autopsji.
520 _aW pracy przedstawiono proces mieszania w wytłaczarkach ślimakowych stosowanych w przetwórstwie tworzyw sztucznych i przetwórstwie spożywczym. Omówiono możliwości i cele badań oraz kryteria oceny jednorodności mieszania w przepływie laminarnym w odniesieniu do wytłaczarek ślimakowych stosowanych w przemyśle spożywczym.
650 0 _aPrzemysł rolno-spożywczy.
650 0 _aTworzywa sztuczne.
773 _iW :
_tZeszyty Naukowe Politechniki Opolskiej : Mechanika. -
_g2000, z. 60, nr 254, s. 299-304
711 _aBEMS'2000
_n(9 ;
_d2000 ;
_cOpole - Pokrzywna, Polska).
_pBEMS'2000
942 _cART
_2UKD
999 _c6281
_d6281